00527nam a2200169Ia 4500008004100000020001500041041000800056082001600064100001700080245004900097250000600146260004300152300001200195650002200207999001900229952010900248210716s1980 xx 000 0 und d a0253172977 aeng a374.22 HSUK aHsu, Kai Yu. aLiterature of the peoples republic of china. a1 aLondonbIndiana University Pressc1980 axiv,976 aGeneral Knowledge c201307d201307 001040708MBAaAIMITbAIMITd2021-07-16l0o374.22 HSUKpMBA03873r2026-05-23 00:00:00w2021-07-16yBK